Normal view
MARC view
Entry Personal Name
001 - CONTROL NUMBER
- control field: 1673
003 - CONTROL NUMBER IDENTIFIER
- control field: AR-FvUNAJ
005 - DATE AND TIME OF LATEST TRANSACTION
- control field: 20160721101121.0
008 - FIXED-LENGTH DATA ELEMENTS
- fixed length control field: 130507|| aca||aabn | a|a d
040 ## - CATALOGING SOURCE
- Original cataloging agency: AR-FvUNAJ
- Transcribing agency: AR-FvUNAJ
100 1# - HEADING--PERSONAL NAME
- Personal name: YRIGOYEN, HIPOLITO
- Dates associated with a name: (1852-1933)
670 ## - SOURCE DATA FOUND
- Source citation: Work cat.: (AR-FvUNAJ): Del Campo, Hugo 1670, Sindicalismo y Peronismo :, 2005.